Sức mạnh của một gia đình
Đã lưu trong:
| Hovedforfatter: | |
|---|---|
| Format: | Bog |
| Sprog: | Vietnamese |
| Udgivet: |
Tp. Hồ Chí Minh
Trẻ
2005
|
| Fag: | |
| Tags: |
Tilføj Tag
Ingen Tags, Vær først til at tagge denne postø!
|
| Thư viện lưu trữ: | Trung tâm Học liệu Lê Vũ Hùng, Trường Đại học Đồng Tháp |
|---|
| LEADER | 00740aam a22002418a 4500 | ||
|---|---|---|---|
| 001 | 00028569 | ||
| 005 | 20171026081025.0 | ||
| 008 | 120329s2005 ||||||viesd | ||
| 020 | |c 16000 | ||
| 041 | 0 | # | |a vie |
| 082 | 1 | 4 | |a 306.874 |b S552M |
| 100 | 1 | # | |a Võ, Mai Chi |
| 245 | 1 | 0 | |a Sức mạnh của một gia đình |c Võ Mai Chi |
| 260 | # | # | |a Tp. Hồ Chí Minh |b Trẻ |c 2005 |
| 300 | # | # | |a 142tr. |c 18cm. |
| 650 | # | 4 | |a Cha mẹ và con |
| 653 | # | # | |a Công tác xã hội |
| 653 | # | # | |a Gia đình |
| 852 | # | # | |b Kho mượn |j KM.0013816 |
| 852 | # | # | |b Kho đọc |j KD.0012786 |
| 852 | # | # | |j KD.0012786 |j KM.0013816 |
| 910 | |d 29/03/2012 | ||
| 980 | # | # | |a Trung tâm Học liệu Lê Vũ Hùng, Trường Đại học Đồng Tháp |